| 000 | 00345 a2200097 4500 | ||
|---|---|---|---|
| 245 | 0 | 0 |
_aPomiary wysokonapięciowe. Próby napięciem udarowym piorunowym - PN-75/E-04061 / _cInstytut Elektrotechniki. |
| 246 | 1 | 3 | _aPN-75/E-04061 |
| 246 | 1 | 3 | _a621.317.31.014.33 |
| 260 |
_aWarszawa : _bInstytut Elektrotechniki, _c1975. |
||
| 300 |
_a36 stron ; _c30 cm. |
||
| 650 | _aPolska norma | ||
| 999 |
_c19828 _d19828 |
||